Az ó Testamentomi ekklésiának históriája, ... második kötet

Bibliographic Details
Main Author: Majzonnet, Lajos (Author)
Format: Book
Language:English
PhysicalDescription:592 s.
Published: Komáromban Wéber Simon Péter 1791

MARC

LEADER 00000nam a2200000 a 4500
001 vtls008701554
003 SK-MaSNL
005 20260301205524.0
008 240315 000 0 eng
040 |a SNK  |b slo  |c SNK  |e AACR2 
100 1 |a Majzonnet, Lajos  |4 aut  |9 591754 
245 1 3 |a Az ó Testamentomi ekklésiának históriája, ...  |n második kötet 
260 |a Komáromban  |b Wéber Simon Péter  |c 1791 
300 |a 592 s. 
999 |c 910451  |d 912381 
952 |a SNK  |b SNK  |y PREZ  |7 0  |p 17X08701554001  |o snkSD 13717/2  |i snkF 688/65  |3 rekatalogizácia  |0 0  |1 0  |4 0  |d 2006-05-17  |l 0  |r 2026-02-24 07:41:47  |w 2026-02-24